Marvel Picture Find: The Marvel Universe Quiz Stats

 Plays Quiz Updated Sep 19, 2015

Score 0/182 Timer 15:00
153 Plays Today
% Correct
Captain
America
93%
Hulk
92.9%
Iron Man
92.2%
Thor
92.2%
Wolverine
88%
Spider-
Man
87.9%
Venom
87%
Thing
86.9%
Deadpool
86.8%
Loki
86.4%
Groot
86.4%
Black
Widow
84.1%
Storm
83%
Magneto
82.7%
Professor X
81.8%
Black
Panther
81.7%
Thanos
81.1%
Green
Goblin
81%
Mr.
Fantastic
80.9%
Beast
80.5%
Rocket
Raccoon
80.5%
Ant-
Man
79.9%
Wasp
79.9%
Dr. Strange
79.9%
Hawkeye
79.6%
Ghost
Rider
79.5%
Human
Torch
79.4%
Red
Skull
79.3%
Silver Surfer
79.2%
Cyclops
78.4%
Vision
76.9%
Dr. Doom
76.9%
Jean Grey
75.8%
Punisher
75.3%
Stan Lee
75.2%
She Hulk
75.2%
Red
Hulk
75.1%
War
Machine
74.6%
Iceman
73.5%
Nick
Fury
73.1%
Mystique
73%
Bucky
72.9%
Rhino
72.1%
Ms. Marvel
72.1%
Scarlet
Witch
71.7%
Quicksilver
71.3%
Juggernaut
70.6%
Luke
Cage
70.5%
Doc Ock
70.4%
Gambit
70%
Kingpin
69.6%
Daredevil
69.4%
Falcon
69%
Nightcrawler
68.7%
Blade
67.9%
Lizard
67.5%
Galactus
66.7%
Colossus
65.9%
Iron
Fist
65.9%
Howard
the Duck
63.8%
Carnage
63.7%
% Correct
Rogue
62.7%
Captain
Britain
62.6%
Elektra
61.8%
Sabretooth
60.5%
Spider-
Woman
60.2%
Sandman
59.4%
Electro
58.1%
Nova
57.4%
Ultron
57.3%
Blob
56.5%
Crossbones
56.2%
Moon
Knight
55.6%
M.O.D.O.K.
55.4%
Bullseye
55.2%
Black Cat
54.6%
Ronan
54.5%
Mysterio
54.2%
Emma
Frost
54.2%
Cable
52.7%
Apocalypse
52%
Sentinel
50.8%
Vulture
50.2%
Archangel
49.2%
Hercules
48.6%
Black
Bolt
48.3%
Psylocke
48.1%
Namor
47.8%
Hobgoblin
47.1%
Jubilee
46.5%
Medusa
46%
Abomination
46%
Mistress
Death
45.8%
Shocker
43.7%
Taskmaster
42.8%
Enchantress
42.5%
Adam
Warlock
42.4%
Uatu the
Watcher
42.3%
Mr. Sinister
41.4%
Tigra
41.2%
Man-Thing
41.1%
Hela
41%
Beta
Ray Bill
40.5%
Baron
Zemo
40.3%
Valkyrie
40.1%
Bishop
40.1%
Fin Fang Foom
39%
Havok
38.7%
Banshee
38.6%
Drax
38.4%
Pyro
38.3%
Purple
Man
38%
Wonder Man
37.8%
Firestar
37.3%
Dormammu
36.3%
Hammerhead
36.2%
Sentry
35.4%
Kitty
Pryde
35.3%
Kang
35.2%
Leader
35.1%
Puck
34.1%
Mole
Man
33.6%
% Correct
Mephisto
33.5%
Cannonball
33.4%
X-23
32.9%
Union
Jack
32.6%
US
Agent
32.6%
Sunspot
32.5%
Ares
32.3%
Redwing
32.1%
Ymir the Frost Giant
31.5%
Guardian
31.1%
Puppet
Master
31%
Sauron
30.7%
Ronin
30.3%
Chameleon
30.2%
Black
Knight
30.2%
Omega
Red
30.1%
H.E.R.B.I.E.
30%
Mockingbird
29.9%
Beetle
29.8%
Polaris
29.5%
Multiple
Man
29.5%
Dazzler
29.5%
Sasquatch
29.4%
Wendigo
28%
Ka-Zar
27.5%
Lockheed
26.9%
Captain
Universe
26.7%
Klaw
26.4%
Wizard
26%
Sunfire
26%
Mandarin
25.3%
Namorita
25.2%
Forge
25%
Gladiator
24.8%
Deathlok
24.7%
Blackheart
24.5%
Quasar
24.3%
Grey
Gargoyle
23.1%
Longshot
22.7%
Tiger
Shark
22.5%
Speedball
22%
Impossible Man
21.8%
Zabu
21.7%
Doc Samson
21.1%
Stryfe
21%
Annihilus
21%
Jackal
20.6%
Prowler
20.5%
Wrecker
20.1%
Songbird
19.8%
Thunderball
18.8%
Nightmare
18.8%
Shuma-Gorath
17.7%
Constrictor
17.6%
High Evolutionary
17.1%
Meggan
17%
Diablo
16.7%
Terrax
16.2%
Night
Thrasher
16%
Sleepwalker
13%

You're not logged in!

Compare scores with friends on all Sporcle quizzes.
OR
Log In

Show Comments

Extras

Top Quizzes Today


Score Distribution

Your Account Isn't Verified!

In order to create a playlist on Sporcle, you need to verify the email address you used during registration. Go to your Sporcle Settings to finish the process.

Report this User

Report this user for behavior that violates our Community Guidelines.

Details: